000 00973cam a2200289 i 4500
001 26287
003 Mx-PuUPA
005 20251003085130.0
008 140415s2008 él fr 000 0 eng d
020 _a9788820980382
040 _cMx-PuUPA
_aMx-PuUPA
_bspa
_dMx-PuUPA
_erda
041 1 _aita
_heng
100 1 _917535
_aPascual, Fernando,
_d1961-
_eautor
240 1 0 _aModelli di bioetica.
_lInglés
245 1 0 _aModels of bioethics /
_cFernando Pacual, L.C. ; translation from the italian by John di Camillo
264 1 _aVaticano :
_bLibreria Editrice Vaticana,
_c©2008
300 _a153 páginas ;
_c24 cm
336 _2rdacontent
_atexto
_btxt
337 _2rdamedia
_asin medio
_bn
338 _2rdacarrier
_avolumen
_bnc
490 0 _aThe STOQ Project Research Series ;
_v7
650 7 _2armarc
_aBioética
650 7 _2armarc
_aMedicina
_xFilosofía
942 _2ddc
_cLI
_h174.2
_iP2718
999 _c26287
_d26287